Logos e racionalidade na génese e estrutura da lógica de Aristóteles (Registo nº 20227)

Detalhes MARC
000 -Etiqueta do registo
Valores 00839nam a22002291i 4500
090 ## -
-- 20227
010 ## - Número ISBN
ISBN 9789722710534
100 ## - Dados gerais de processamento
Dados gerais 20170304u u u0frey50 ba
101 0# - Língua de publicação
-- por
200 1# - Titulo e menção de responsabilidade
Primeira menção de responsabilidade Francisco Sardo
Título próprio Logos e racionalidade na génese e estrutura da lógica de Aristóteles
215 ## - Descrição física 
Paginação / Volumes 601, [7] p.
Dimensões 24 cm
210 ## - Publicação
Nome do editor Imprensa Nacional-Casa da Moeda
Local de publicação Lisboa
Data de publicação D.L. 2001
225 2# - Colecção 
Título próprio da colecção Estudos gerais
225 2# - Colecção 
Nome de parte ou secção Série universitária
300 ## - Notas gerais 
Texto da nota Oferta de Imprensa Nacional - Casa da Moeda
410 #0 -
-- Estudos gerais
411 #0 -
-- Série universitária
700 #1 - Autor principal (pessoa individual)
Apelido Sardo
Nome Francisco
-- 070
996 ## - ISO2709
-- 0028025
-- SAR
-- 00000000
-- 00000000
-- BMVA
-- 1
-- Viana do Alentejo
-- Filosofia
-- 24
-- Livro
-- 0
-- 1
996 ## - ISO2709
-- 0031100
-- SAR
-- 00000000
-- 00000000
-- BMVA
-- 1
-- Alcáçovas
-- Filosofia
-- 24
-- Livro
-- 0
-- 1
990 ## - Elementos KOHA
Tipo de documento Livro
Exemplares
Situação do levantamento Estado Biblioteca de origem Biblioteca de empréstimo Código de barras Cota Permissão de empréstimo Tipo de documento Localização na Estante Nota relativa ao exemplar
  Completo Biblioteca Municipal de Viana Do Alentejo Biblioteca Municipal de Viana Do Alentejo 0025434 1 SAR Disponível Livro    
  Completo Biblioteca Municipal de Viana Do Alentejo Biblioteca Municipal de Viana Do Alentejo Pólo Alcáçovas 0026930 1 SAR Disponível Livro Depósito Cx.136 vnt




Powered by Koha